The leadership engine : (Record no. 345208)
[ view plain ]
| 000 -LEADER | |
|---|---|
| fixed length control field | 02032 a2200217 4500 |
| 020 ## - INTERNATIONAL STANDARD BOOK NUMBER | |
| International Standard Book Number | 0887307930 |
| 020 ## - INTERNATIONAL STANDARD BOOK NUMBER | |
| International Standard Book Number | 9780887307935 |
| 082 04 - DEWEY DECIMAL CLASSIFICATION NUMBER | |
| Classification number | 658.4092 |
| 090 ## - LOCALLY ASSIGNED LC-TYPE CALL NUMBER (OCLC); LOCAL CALL NUMBER (RLIN) | |
| -- | 2717 |
| -- | 2717 |
| 100 1# - MAIN ENTRY--PERSONAL NAME | |
| Personal name | Tichy, Noel M. |
| 245 14 - TITLE STATEMENT | |
| Title | The leadership engine : |
| Remainder of title | how winning companies build leaders at every level / |
| Statement of responsibility, etc. | Noel M. Tichy. |
| 250 ## - EDITION STATEMENT | |
| Edition statement | 1st ed. |
| 260 ## - PUBLICATION, DISTRIBUTION, ETC. | |
| Place of publication, distribution, etc. | [S.l.] : |
| Name of publisher, distributor, etc. | HarperCollins Publishers, |
| Date of publication, distribution, etc. | 1997. |
| 300 ## - PHYSICAL DESCRIPTION | |
| Extent | 384 p. ; |
| Dimensions | 24 cm. |
| 500 ## - GENERAL NOTE | |
| General note | Hardcover. |
| 520 ## - SUMMARY, ETC. | |
| Summary, etc. | Noel Tichy has observed that winning corporations, without exception, are distinguished by their ability to grow leadership at every level, an ability that ultimately creates a pool of formidable home-grown talent that can be drawn on whenever top management jobs need to be filled. Based on extensive consultations with such leading companies as PepsiCo, Royal Dutch/Shell and Ford Motor Company, The Leadership Engine helps businesses cultivate this ability by showing how to foster a corporate atmosphere that nurtures leadership and initiative. Tichy explains that top leaders must develop a teachable point of view on business ideas and values, and they must have a personal vision that can be codified, embodied as a story and communicated throughout the organization. There's a reason why blue-chip companies from around the world such as General Motors, Proctor & Gamble, Chase Manhattan, Sony and Honda pay $35,000 dollars per participant to have their executives attend Noel Tichy's famed Global Leadership Program: He delivers phenomenal results. In The Leadership Engine, he comes through once again, presenting a dynamic and groundbreaking work for all companies who want to develop the depth of talent they need to successfully compete at the highest levels. Now available from HarperAudio. |
| 700 1# - ADDED ENTRY--PERSONAL NAME | |
| Personal name | Cohen, Eli B. |
| 856 40 - ELECTRONIC LOCATION AND ACCESS | |
| Materials specified | Amazon.com |
| Uniform Resource Identifier | <a href="http://www.amazon.com/exec/obidos/ASIN/0887307930/chopaconline-20">http://www.amazon.com/exec/obidos/ASIN/0887307930/chopaconline-20</a> |
| 856 40 - ELECTRONIC LOCATION AND ACCESS | |
| Materials specified | Amazon customer reviews |
| Uniform Resource Identifier | <a href="http://www.chopac.org/cgi-bin/tools/azrev.pl?q=0887307930">http://www.chopac.org/cgi-bin/tools/azrev.pl?q=0887307930</a> |
| 942 ## - ADDED ENTRY ELEMENTS (KOHA) | |
| Institution code [OBSOLETE] | NBS |
| Koha item type | Book |
| Call number prefix | 658.4092 TIC |
| Withdrawn status | Lost status | Damaged status | Not for loan | Permanent Location | Current Location | Date acquired | Total Checkouts | Full call number | Barcode | Date last seen | Price effective from | Koha item type |
|---|---|---|---|---|---|---|---|---|---|---|---|---|
| Central Library (CL) | Central Library (CL) | 08/28/2013 | 658.4092 TIC | NBS725 | 01/04/2021 | 08/28/2013 | Book |
